000
00202 a2200097 4500
001
59203
100
_a
245
_a
Little mermaid
260
_a
Spain
_b
MDSBooks/Mediasat
_c
2004
090
_c
36294
_d
36294
942
_a
NUST-CAE
_c
_c
29218
999
_c
294276
_d
294276